|
|
|
|
| LEADER |
00000nam0a2200000 4500 |
| 001 |
336085 |
| 005 |
20231102004823.0 |
| 035 |
|
|
|a (RuTPU)RU\TPU\book\362501
|
| 090 |
|
|
|a 336085
|
| 100 |
|
|
|a 20171009d1966 k y0rusy50 ca
|
| 101 |
0 |
|
|a rus
|
| 102 |
|
|
|a RU
|
| 105 |
|
|
|a a dm 001zy
|
| 200 |
1 |
|
|a Синтез некоторых производных 2-формилдифенил-2-карбоновой кислоты и их фунгицидная активность
|e автореферат диссертации на соискание ученой степени кандидата химических наук
|f И. Л. Халфина
|g Томский политехнический институт, Кафедра технологии органического синтеза ; науч. рук. Л. П. Кулев ; науч. рук. А. Г. Печенкин
|
| 210 |
|
|
|a Томск
|c [Б. и.]
|d 1966
|
| 215 |
|
|
|a 22 с.
|c ил.
|
| 300 |
|
|
|a Защита сост. в конце апреля 1966 г.
|
| 320 |
|
|
|a Библиогр.: с. 24 (8 назв.)
|
| 606 |
1 |
|
|a Ароматические углеводороды, полициклические
|x Химия
|2 stltpush
|3 (RuTPU)RU\TPU\subj\76683
|9 87606
|
| 610 |
1 |
|
|a авторефераты диссертаций
|
| 610 |
1 |
|
|a фунгицидная активность
|
| 610 |
1 |
|
|a карбоновые кислоты
|
| 610 |
1 |
|
|a этерификация
|
| 610 |
1 |
|
|a алифатические спирты
|
| 610 |
1 |
|
|a азотсодержащие производные
|
| 610 |
1 |
|
|a сложные эфиры
|
| 610 |
1 |
|
|a труды учёных ТПУ
|
| 675 |
|
|
|a 547.6(04)
|v 4
|
| 700 |
|
1 |
|a Халфина
|b И. Л.
|
| 702 |
|
1 |
|a Кулев
|b Л. П.
|c химик
|c профессор Томского политехнического института
|f 1900-1962
|g Леонид Петрович
|2 stltpush
|3 (RuTPU)RU\TPU\pers\12449
|4 727
|
| 702 |
|
1 |
|a Печенкин
|b А. Г.
|4 727
|
| 712 |
0 |
2 |
|a Томский политехнический институт
|b Кафедра технологии органического синтеза
|c (1944-1991)
|2 stltpush
|3 (RuTPU)RU\TPU\col\1123
|
| 801 |
|
1 |
|a RU
|b 63413507
|c 20171009
|
| 801 |
|
2 |
|a RU
|b 63413507
|c 20201203
|g RCR
|
| 942 |
|
|
|c BK
|